02490nam a2200277 4500001000800000005001700008007000300025008004100028040000800069041000800077100004800085245013400133246011900267300002200386520074000408520073201148650002401880650003401904650002501938650002401963650002801987650002302015773012602038942003102164999001702195ESSALUD20260701103250.0ta t pe ||||| |||| 00| 0 spa d aBMG aspa aAquino Lira, Richard BaudelioeAutor952966 aCosa juzgada vs. identidad biológicabProblemática derivada del resultado del proceso de filiación paterno extramatrimonial aRes judicata vs. biological identitybLegal issues arising from the outcome of extra marital paternity proceedings apáginas 145-163 a¿Es viable cuestionar la cosa juzgada obtenida en un proceso de filiación extramatrimonial, si en este proceso el demandado no formuló oposición y no se realizó la prueba de ADN por falta de recursos o se presentó alguna otra circunstancia? El autor refiere que en algunos casos sí es posible, pero, además, propone un proceso de revisión de filiación paterna, el que debería ser de competencia del juez de familia, tramitado como proceso especial, sujeto a causales concretas, pero no de carácter cerrado, y tener como único medio de prueba al ADN. Asimismo, resalta que deberá privilegiarse la identidad dinámica del menor y no la biológica, haciendo prevalecer siempre el interés superior del menor. aIs it viable to challenge the res judicata status obtained in an extramarital paternity proceeding if the defendant failed to file an opposition and the DNA test was not performed due to a lack of resources or other circumstances? The author asserts that, in certain cases, such a challenge is indeed possible. Furthermore, he proposes a paternity review proceeding under the jurisdiction of the Family Court, to be conducted as o special proceeding subject to specific-though not exhaustive grounds, with DNA testing as the sole means of evidence. Additionally, he emphasizes that the dynamic identity of the minor must be privileged over the biological identity, ensuring that the Best interests of the Child always prevail.  aCOSA JUZGADA952967 aDERECHO A LA IDENTIDAD952968 aPRUEBA DE ADN952969 aRES JUDICATA952970 aRIGHT TO IDENHTY952971 aDNA TESTING9529720 022573922620dLima Grupo Praxis Formación Profesional, 2026-oPRA001tPraxis Civil & Procesal CivilwESSALUDx3119-7671 cARTICULOSe2026-06-30zsqb c22580d22580